Villes par descriptions #2 - Statistiques

Statistiques générales
  • Ce quiz a été pris 151 fois
  • Le résultat moyen est 7 sur 15
Statistiques - réponses
Description Ville % Correct
Son ancien nom est Leningrad St-Pétersbourg
91%
Capitale du pays dont Vladimir Poutine est le président Moscou
89%
Capitale du pays dont les habitant s'appellent les Helvètes Berne
75%
Ville de l'Empire State Building New York
73%
Capitale du pays le plus peuplé Pékin
64%
Capitale du plus grand pays d'Afrique Alger
59%
Capitale du dernier pays en ordre alphabétique Harare
54%
Seule capitale commençant par la lettre E Erevan
47%
Ancienne capitale de la Birmanie Rangoon
37%
Capitale du plus grand pays africain en 2009 Khartoum
31%
Capitale de Samoa Apia
24%
Capitale du plus grand pays africain enclavé N'djamena
20%
Ville des Jeux Olympiques de 2010 Vancouver
18%
Ville ayant gagné la ligue des Champions en 1981 Liverpool
11%
Ville ayant une équipe de hockey nommée Stars Dallas
7%
Aucun quiz correspondant
Distribution des résultats
% des personnes avec chaque résultat
Percentile par nombre de réponses
Votre historique - résultats
Vous n’avez pas pris ce quiz